<?xml version="1.0" encoding="UTF-8"?>
<record
    xmlns:xsi="http://www.w3.org/2001/XMLSchema-instance"
    xsi:schemaLocation="http://www.loc.gov/MARC21/slim http://www.loc.gov/standards/marcxml/schema/MARC21slim.xsd"
    xmlns="http://www.loc.gov/MARC21/slim">

  <leader>02969nam a2200289 a 4500</leader>
  <controlfield tag="003">OSt</controlfield>
  <controlfield tag="005">20251110133703.0</controlfield>
  <controlfield tag="007">cr ||||||a|c|a</controlfield>
  <controlfield tag="008">230526s2020    mx ||||fom||| 001 0 s   d</controlfield>
  <datafield tag="040" ind1=" " ind2=" ">
    <subfield code="e">rda</subfield>
  </datafield>
  <datafield tag="100" ind1="1" ind2=" ">
    <subfield code="9">134029</subfield>
    <subfield code="a">Torres Ceballos, Diana Laura</subfield>
  </datafield>
  <datafield tag="245" ind1="1" ind2="0">
    <subfield code="a">Estimaci&#xF3;n y clasificaci&#xF3;n de las propiedades mec&#xE1;nicas de 149 especies mexicanas de importancia industrial con m&#xE9;todos no destructivos /</subfield>
    <subfield code="c">Por Diana Laura Torres Ceballos; director de tesis Amparo Borja de la Rosa.</subfield>
  </datafield>
  <datafield tag="264" ind1=" " ind2="1">
    <subfield code="a">Chapingo, M&#xE9;xico :</subfield>
    <subfield code="b">El autor,</subfield>
    <subfield code="c">2020</subfield>
  </datafield>
  <datafield tag="300" ind1=" " ind2=" ">
    <subfield code="a">1 recurso en l&#xED;nea (93 p&#xE1;ginas):</subfield>
    <subfield code="b">Cuadros y figuras</subfield>
  </datafield>
  <datafield tag="336" ind1=" " ind2=" ">
    <subfield code="2">rdacontent</subfield>
    <subfield code="a">texto</subfield>
    <subfield code="b">txt</subfield>
  </datafield>
  <datafield tag="337" ind1=" " ind2=" ">
    <subfield code="2">rdamedia</subfield>
    <subfield code="a">computadora</subfield>
    <subfield code="b">c</subfield>
  </datafield>
  <datafield tag="338" ind1=" " ind2=" ">
    <subfield code="2">rdacarrier</subfield>
    <subfield code="a">recurso en l&#xED;nea</subfield>
    <subfield code="b">cr</subfield>
  </datafield>
  <datafield tag="502" ind1=" " ind2=" ">
    <subfield code="b">MCCF</subfield>
    <subfield code="c">DICIFO</subfield>
    <subfield code="d">2020.</subfield>
    <subfield code="g">MAE</subfield>
  </datafield>
  <datafield tag="504" ind1=" " ind2=" ">
    <subfield code="a">Incluye referencias bibliogr&#xE1;ficas: p&#xE1;ginas 88-93.</subfield>
  </datafield>
  <datafield tag="520" ind1=" " ind2=" ">
    <subfield code="a">El conocimiento de las propiedades tecnol&#xF3;gicas de las especies maderables es importante para elegir el aprovechamiento que se les dar&#xE1; a las mismas. De dichas propiedades destacan las mec&#xE1;nicas las cuales se obtienen a partir de pruebas destructivas de probetas de madera, sin embargo la tendencia mundial hac&#xED;a la conservaci&#xF3;n de los recursos ha generado la creaci&#xF3;n de ensayos y modelos no destructivos para la estimaci&#xF3;n de &#xE9;stas sin da&#xF1;ar el material experimental, por lo tanto el objetivo de esta investigaci&#xF3;n fue comparar dos modelos como m&#xE9;todos no destructivos para la estimaci&#xF3;n de las propiedades mec&#xE1;nicas de especies mexicanas y compararlas con las obtenidas por medio de un ensayo de ultrasonido. Se utilizaron 149 tabletas de dimensiones 0.13 x 0.7 x 0.01 m de largo, ancho y grueso a un contenido de humedad del 14%, se clasificaron en 3 grupos, Latifoliadas con 111 especies, Con&#xED;feras con 23 y uno del g&#xE9;nero Quercus con 14, se midieron el peso y volumen en estado saturado, en equilibrio y anhidro y se midi&#xF3; el tiempo de transmisi&#xF3;n de la onda de ultrasonido en sentido longitudinal de las tabletas. Se calcularon las densidades b&#xE1;sicas, en equilibrio y normal y se estimaron las propiedades mec&#xE1;nicas por medio de dos modelos de regresi&#xF3;n. Con los tiempos de ultrasonido se calcularon las velocidades y con la densidad b&#xE1;sica se estimaron los M&#xF3;dulos de Elasticidad de las especies. La comparaci&#xF3;n entre los modelos de regresi&#xF3;n determin&#xF3; que ambos son viables para estimar las propiedades mec&#xE1;nicas en especies mexicanas mientras que para la estimaci&#xF3;n de los m&#xF3;dulos de elasticidad por ultrasonido se obtuvo un valor de 1.1432 para ajustar los valores obtenidos con el equipo Fakopp.</subfield>
  </datafield>
  <datafield tag="650" ind1=" " ind2="4">
    <subfield code="9">69621</subfield>
    <subfield code="a">Madera</subfield>
    <subfield code="x">Propiedades y usos</subfield>
  </datafield>
  <datafield tag="650" ind1=" " ind2="4">
    <subfield code="9">69607</subfield>
    <subfield code="a">Madera</subfield>
    <subfield code="x">Estructura</subfield>
  </datafield>
  <datafield tag="650" ind1=" " ind2="4">
    <subfield code="9">69629</subfield>
    <subfield code="a">Madera</subfield>
    <subfield code="x">Tecnolog&#xED;a</subfield>
  </datafield>
  <datafield tag="700" ind1="0" ind2=" ">
    <subfield code="a">Borja de la Rosa, Mar&#xED;a Amparo M&#xE1;xima</subfield>
    <subfield code="e">director.</subfield>
    <subfield code="9">13880</subfield>
  </datafield>
  <datafield tag="856" ind1=" " ind2=" ">
    <subfield code="u">http://10.13.5.2/tesis/tm/Torres_Ceballos_Diana_Laura.pdf</subfield>
    <subfield code="z">DESCARGAR PDF</subfield>
  </datafield>
  <datafield tag="942" ind1=" " ind2=" ">
    <subfield code="2">Clasificaci&#xF3;n Universidad Aut&#xF3;noma Chapingo</subfield>
    <subfield code="c">TD</subfield>
  </datafield>
  <datafield tag="999" ind1=" " ind2=" ">
    <subfield code="c">218841</subfield>
    <subfield code="d">218841</subfield>
  </datafield>
  <datafield tag="952" ind1=" " ind2=" ">
    <subfield code="0">0</subfield>
    <subfield code="1">0</subfield>
    <subfield code="2">local</subfield>
    <subfield code="4">0</subfield>
    <subfield code="5">1</subfield>
    <subfield code="7">0</subfield>
    <subfield code="8">TesDigM</subfield>
    <subfield code="a">BD</subfield>
    <subfield code="b">BD</subfield>
    <subfield code="c">E_L</subfield>
    <subfield code="d">2023-05-26</subfield>
    <subfield code="l">0</subfield>
    <subfield code="o">Tesis digital</subfield>
    <subfield code="r">2023-05-26 00:00:00</subfield>
    <subfield code="w">2023-05-26</subfield>
    <subfield code="y">TD</subfield>
  </datafield>
</record>
